Fiktive Fast-Food-Ketten Zuordnen - Statistiken

Allgemein
  • Dieses Quiz wurde 102 mal gespielt
  • Das Durchschnittsergebnis liegt bei 5 aus 10
Antwortstatistiken
Hint Antwort % Korrekt
Krosse Krabbe SpongeBob Schwammkopf
97%
Krusty Burger Die Simpsons
82%
Los Pollos Hermanos Breaking Bad
69%
Pizza Planet Toy Story
46%
Big Kahuna Burger Pulp Fiction
36%
Burger Shot Grand Theft Auto
34%
Little Nero's Pizza Kevin - Allein zu Haus
32%
Chokey Chicken Rockos modernes Leben
27%
McDowell's Der Prinz aus Zamunda
25%
Salty's Smiling Friends
10%
Keine übereinstimmenden Quizze gefunden
Verteilung der Resultate
Anzahl Personen mit jedem Resultat
Perzentil nach korrekt beantworteten Fragen
Ihre Resultats-Entwicklung
Sie haben dieses Quiz noch nicht gespielt